书目信息 |
| 题名: |
电子工业毒害物质检测及防治
|
|
| 作者: | 高桂兰 , 谢华清 编 | |
| 分册: | ||
| 出版信息: | 北京 化学工业出版社 2012.1 |
|
| 页数: | 177页 | |
| 开本: | 24cm | |
| 丛书名: | ||
| 单 册: | ||
| 中图分类: | X76 | |
| 科图分类: | ||
| 主题词: | 电子工业--有害物质--检测 , 电子工业--有害物质--防治 , 电子工业 , 有害物质 , 检测 , 防治 | |
| 电子资源: | ||
| ISBN: | 978-7-122-12253-7 | |
| 000 | 01038nam0 2200301 45 | |
| 001 | 1360085952 | |
| 005 | 20130530155437.60 | |
| 010 | @a978-7-122-12253-7@dCNY39.00 | |
| 100 | @a20130513d2012 em y0chiy50 ea | |
| 101 | 0 | @achi |
| 102 | @aCN@b110000 | |
| 105 | @aak z 000yy | |
| 106 | @ar | |
| 200 | 1 | @a电子工业毒害物质检测及防治@ADian Zi Gong Ye Du Hai Wu Zhi Jian Ce Ji Fang Zhi@f高桂兰,谢华清编@FGao Gui Lan, Xie Hua Qing Bian |
| 210 | @a北京@c化学工业出版社@d2012.1 | |
| 215 | @a177页@c图@d24cm | |
| 330 | @a本书注重阐述了电子工业及产品带来的环境问题,电子产品的主要生产工艺,在生产过程中产生和涉及的有毒有害物质,以及这些有毒有害物质的分析检测技术及方法,电子产品绿色设计与制造。 | |
| 606 | 0 | @a电子工业@x有害物质@x检测 |
| 606 | 0 | @a电子工业@x有害物质@x防治 |
| 606 | 0 | @a电子工业 |
| 606 | 0 | @a有害物质 |
| 606 | 0 | @a检测 |
| 606 | 0 | @a防治 |
| 690 | @aX76@v5 | |
| 701 | 0 | @a高桂兰@AGao Gui Lan@4编 |
| 701 | 0 | @a谢华清@AXie Hua Qing@4编 |
| 801 | @aCN@bTANGWEI@c20130522 | |
| 905 | @b0833940-43@dX76@e175@f4 | |
| 电子工业毒害物质检测及防治/高桂兰,谢华清编.-北京:化学工业出版社,2012.1 |
| 177页:图;24cm |
| ISBN 978-7-122-12253-7:CNY39.00 |
| 本书注重阐述了电子工业及产品带来的环境问题,电子产品的主要生产工艺,在生产过程中产生和涉及的有毒有害物质,以及这些有毒有害物质的分析检测技术及方法,电子产品绿色设计与制造。 |
| ● |
| 相关链接 |
|
|
|
|
正题名:电子工业毒害物质检测及防治
索取号:X76/175
 
预约/预借
| 序号 | 登录号 | 条形码 | 馆藏地/架位号 | 状态 | 备注 |
| 1 | 0833940 | 208339403 | 第二样本阅览室/ [索取号:X76/175] | 在馆 | |
| 2 | 0833941 | 208339412 | 第三借阅区/ [索取号:X76/175] | 在馆 | |
| 3 | 0833942 | 208339421 | 密集书库-化学系/ [索取号:X76/175] | 在馆 | |
| 4 | 0833943 | 208339430 | 第三借阅区/ [索取号:X76/175] | 在馆 |